|
|
|
|
| LEADER |
00652nab a2200205 i 4500 |
| 001 |
acta7998 |
| 005 |
20250924115652.0 |
| 008 |
161015s1979 hu o 000 hun d |
| 022 |
|
|
|a 0139-0171
|
| 040 |
|
|
|a SZTE Egyetemi Kiadványok Repozitórium
|b hun
|
| 041 |
|
|
|a hun
|
| 100 |
1 |
|
|a Herbszt Zoltán
|
| 245 |
1 |
3 |
|a Az erdő csodái
|h [elektronikus dokumentum] :
|b [vers] /
|c Herbszt Zoltán
|
| 260 |
|
|
|a JATE
|b Szeged
|c 1979
|
| 300 |
|
|
|a 46
|
| 490 |
0 |
|
|a Bölcsész
|
| 650 |
|
4 |
|a Bölcsészettudományok
|
| 650 |
|
4 |
|a Nyelvek és irodalom
|
| 695 |
|
|
|a Magyar irodalom - vers
|
| 856 |
4 |
0 |
|u http://acta.bibl.u-szeged.hu/7998/1/bolcsesz_1979_046.pdf
|z Dokumentum-elérés
|